000 01725cam a22004335i 4500
001 21825122
003 NUST
005 20220827163550.0
008 201130s2021 nyua b 001 0 eng
010 _a 2020951079
020 _a9781546059585
_q(hardcover)
020 _z9781546059561
_q(ebook)
038 _aAzhar
040 _aDLC
_beng
_erda
_cDLC
042 _apcc
043 _an-us---
050 0 0 _aJC481
_b.N46 2021
082 _a303.4840973
_bNGO
100 1 _aNgo, Andy,
_eauthor.
_996325
245 1 0 _aUnmasked :
_binside Antifa's radical plan to destroy democracy
_cAndy Ngo.
246 3 0 _aAntifa's radical plan to destroy democracy
250 _aFirst edition.
260 _aNew York :
_bCenter Street,
_c2021
300 _avii, 309 pages :
_billustrations ;
_c24cm
336 _atext
_btxt
_2rdacontent
337 _aunmediated
_bn
_2rdamedia
338 _avolume
_bnc
_2rdacarrier
504 _aIncludes bibliographical references (pages 241-294) and index.
505 0 _aInsurgency -- The world's newest nation -- Portland -- Rose City Antifa -- Origin story -- American mutation -- Black Lives Matter -- Violence -- Deadly violence -- Doxing -- The "democratic" route -- Information warfare and propaganda.
650 0 _aFascism
_zUnited States.
_996326
650 0 _aRadicalism
_zUnited States.
_991373
650 0 _aAnti-fascist movements
_zUnited States.
_996327
650 0 _aLeft-wing extremists
_zUnited States.
_996328
650 0 _aConservative literature
_zUnited States.
_996329
650 0 _aConspiracy theories
_zUnited States.
_996330
906 _a0
_bibc
_corignew
_d2
_eepcn
_f20
_gy-gencatlg
942 _2ddc
_cLC
999 _c590757
_d590757